Irányítás, módszerbeli segítés Beszámoló taggyűlés a Belváros III/A pártalapszervezetben /

Elmentve itt :
Bibliográfiai részletek
Szerző: Lődi Ferenc
Dokumentumtípus: Cikk
Megjelent: 1979-12-11
Sorozat:Délmagyarország 69 No. 289
Kulcsszavak:MSZMP
Online Access:http://dmarchiv.bibl.u-szeged.hu/113254
LEADER 00512nab a2200157 i 4500
001 delm113254
005 20190521091808.0
008 190521s1979 hu o 0|| hun d
040 |a SZTE Délmagyarország Archívum  |b hun 
041 |a hun 
100 1 |a Lődi Ferenc 
245 1 0 |a Irányítás, módszerbeli segítés   |h [elektronikus dokumentum] :  |b Beszámoló taggyűlés a Belváros III/A pártalapszervezetben /  |c  Lődi Ferenc 
260 |c 1979-12-11 
300 |a 3 
490 0 |a Délmagyarország  |v 69 No. 289 
695 |a MSZMP